| 000 | 00736nam a2200193Ia 4500 | ||
|---|---|---|---|
| 999 |
_c39499 _d39499 |
||
| 001 | 6095 | ||
| 003 | GE_BSU | ||
| 005 | 20190923155426.0 | ||
| 008 | 181216s1963||||ge |||||||||||||| ||geo|| | ||
| 040 | _cGE_BSU | ||
| 080 | _a821.353.1-32 ა-87 | ||
| 100 |
_aასათიანი, მამია _94148 |
||
| 245 |
_aმთის ლეგენდები / _cმამია ასათიანი ; რედ. გ. ნატროშვილი. |
||
| 264 |
_aთბილისი : _bნაკადული ; _c1963. |
||
| 300 |
_a298 გვ. ; _c17 სმ. |
||
| 653 | _aმთის ლეგენდები | ||
| 700 |
_aნატროშვილი, გ. _eრედაქტორი _93959 |
||
| 942 |
_cBK _2udc |
||